Tunisian football players by picture - Statistics

General Stats
  • This quiz has been taken 24 times
  • The average score is 8 of 12
Answer Stats
Picture Answer % Correct
Hannibal Mejbri
100%
Wahbi Khazri
95%
Ali Al Abdi
71%
Ellyes Skhiri
71%
Hatem Trabelsi
71%
Montassar Talbi
62%
Naïm Sliti
62%
Tarak Dhiab
57%
Elias Saad
52%
Issam Jemâa
52%
Radhi Jaïdi
38%
Mortadha Ben Ouanes
33%
No matching quizzes found
Score Distribution
Percent of People with Each Score
Percentile by Number Answered
Your Score History
You have not taken this quiz